000 01486cab a2200193 4500
001 L129486
008 050422n2005 000 0 eng u
035 _a(Sirsi) u129486
041 _aeng
100 _aReekie, Peter
245 _aDevelopment land and the right to roam, part II
260 _c2005
490 _aEMIS Property Service
_v3(4) April 2005, 5-7(3)
520 _aPart I (L129307) of this two-part series on the need for developers to consider the right to roam before acquiring vacant development land examined existing public rights of access in relation to common land and town and village greens and access by way of landowners' agreement or statutory rights together with the more recent right to roam access land created by the Countryside and Rights of Way Act 2000. In addition to defining the extent of such access land, a summary of categories of excepted land and land accessible under earlier statutes was also explored. Part II looks at the access land map itself including the responsibility for and procedure involved in its preparation, rights of the public in relation to access land, the possiblity of landowners excluding and restricting public access together with their rights and responsibilities and how the access map might be checked. [Taken from journal abstract].
590 _aIKA190505
650 _aCOUNTRYSIDE AND RIGHTS OF WAY ACT 2000
690 _aPROPERTY-RURAL AND NATURAL ASSETS-RURAL AND NATURAL ASSET DEVELOPMENT
942 _n0
999 _c75126
_d75126